| 000 | 00706nam a2200229Ia 4500 | ||
|---|---|---|---|
| 003 | GCL | ||
| 008 | 140319s9999 xx 000 0 ara d | ||
| 040 |
_aGCL / _cGCL |
||
| 082 | 0 | 4 |
_a621.6 _bم ه |
| 100 | 1 | _aمحمود ربيع الملط | |
| 245 | 1 | 0 |
_aهندسة المضخات الترددية والدورانية والطاردة / _cمحمود ربيع الملط |
| 260 |
_aالقاهرة : _bمنشاة المعارف الاسلامية ، _c1989 |
||
| 300 | _a286 ص | ||
| 490 | _a | ||
| 650 | 0 | 4 | _aالصيانة |
| 650 | 0 | 4 | _aالاختبارات |
| 650 | 0 | 4 | _aمواصفات |
| 650 | 0 | 4 | _aالاجهزة |
| 650 | 0 | 4 | _aالطلمبات |
| 650 | 0 | 4 | _aمعايير |
| 942 |
_2ddc _cBK |
||
| 999 |
_c32933 _d32933 |
||